Mathematics. Course 2 State standars curriculum companion

Algebraic reasoning; Integers and rational numbers; Applying rational numbers; Proportional relationships; Graphs and functions...

Gespeichert in:
Bibliographische Detailangaben
Weitere Verfasser: Bennett, Jennie M.
Format: Buch
Sprache:English
Veröffentlicht: Orl. Holt McDougal Houghton Mifflin Harcourt 2010
Ausgabe:Teacher's ed.
Schlagworte:
Tags: Tag hinzufügen
Keine Tags, Fügen Sie den ersten Tag hinzu!
Thư viện lưu trữ: Mạng thư viện Đại học Đà Nẵng
LEADER 01213nam a2200325 4500
001 000024372
003 20860
005 20161206091227.0
008 161206s2010 engsd
020 |a 9780547618241 
041 0 |a eng 
082 1 4 |a 510  |b Mat 
245 0 0 |a Mathematics. Course 2  |b State standars curriculum companion  |c Jennie M. Bennett, [et al.] 
246 |a Holt McDougal mathematics. 
250 |a Teacher's ed. 
260 |a Orl.  |b Holt McDougal  |b Houghton Mifflin Harcourt  |c 2010 
300 |a iii, 86 p., CC39.  |c 30 cm. 
520 3 |a Algebraic reasoning; Integers and rational numbers; Applying rational numbers; Proportional relationships; Graphs and functions... 
650 0 4 |a Mathematics  |x Study and teaching 
700 1 |a Bennett, Jennie M. 
OWN |a LSP 
AVA |a UDN50  |b LSP  |d 510 Mat  |e available  |t Error 5001 Not defined in file expand_doc_bib_avail.  |f 1  |g 0  |h N  |i 0  |k 1 
999 |a From the UDN01 
AVA |a UDN50  |b LSP  |d 510 Mat  |e available  |t Error 5001 Not defined in file expand_doc_bib_avail.  |f 1  |g 0  |h N  |i 0  |k 1 
TYP |a Monograph 
TYP |a Printed language 
980 |a Mạng thư viện Đại học Đà Nẵng